| 000 | 01141nam a2200325 i 4500 | ||
|---|---|---|---|
| 003 | MY-SjTCS | ||
| 005 | 20260302155029.0 | ||
| 008 | 170926s2025 xraa 000 0 eng d | ||
| 020 |
_a9781925505627 _qpaperback |
||
| 040 |
_aMY-SjTCS _beng _cMY-SjTCS _erda |
||
| 082 | 0 | 4 |
_a657.076 _bMAR 2025 |
| 100 | 1 |
_aMarinelli, Sarah _9309097 |
|
| 245 | 1 | 0 |
_aAccounting : _bworkbook, SACE two / _cSarah Marinelli, Tim Williams. |
| 246 | 3 | 0 | _aSACE 2 accounting workbook |
| 246 | 3 | 0 |
_aAccounting : _bSACE two |
| 250 | _aEighth edition. | ||
| 264 | 1 |
_aFourth Street, Bowden : _bAdelaide Tuition Centre, _c2025. |
|
| 300 |
_aiv, 386 pages : _billustrations ; _c30 cm. |
||
| 336 |
_atext _2rdacontent |
||
| 337 |
_aunmediated _2rdamedia |
||
| 338 |
_avolume _2rdacarrier |
||
| 490 | 1 | _aEssentials education | |
| 500 | _a"Now with digital books online"--Cover. | ||
| 650 | 0 |
_aAccounting _vProblems, exercises, etc. _912587 |
|
| 650 | 0 |
_aAccounting _xStudy and teaching (Secondary) _919488 |
|
| 650 | 0 |
_aFinancial statements. _9203457 |
|
| 700 | 1 |
_aWilliams, Tim, _eauthor. |
|
| 830 | 0 |
_aEssentials education series _9206846 |
|
| 920 | _aSOPU : 339861 | ||
| 999 | _c193166 | ||